[Event "EU-ch Online U14"]
[Site "Tornelo INT"]
[Date "2020.09.18"]
[Round "3"]
[White "Sandor, Samuel"]
[Black "Springis, Jevgenijs"]
[Result "1-0"]
[WhiteElo "1639"]
[BlackElo "1885"]
[PlyCount "87"]
[EventDate "2020.09.18"]
[EventType "swiss (rapid)"]
[EventRounds "9"]
[EventCountry "ENG"]
[SourceTitle "EXT 2023"]
[Source "ChessBase"]
[SourceDate "2022.10.05"]
[SourceVersion "1"]
[SourceVersionDate "2022.10.05"]
[SourceQuality "1"]
[WhiteTeam "Slovakia"]
[BlackTeam "Latvia"]
[WhiteTeamCountry "SVK"]
[BlackTeamCountry "LAT"]

1. d4 Nf6 2. Bf4 g6 3. Nc3 d5 4. e3 Bg7 5. h4 c6 6. Nf3 Bg4 7. Be2 Nbd7 8. Ne5 Bxe2 9. Qxe2 Qb6 10. 0-0-0 a5 11. e4 a4 12. a3 Nxe4 13. Nxe4 Nxe5 14. Bxe5 Bxe5 15. dxe5 dxe4 16. Rhf1 Ra5 17. Qxe4 Qc5 18. f4 0-0 19. h5 f5 20. Qd4 Qxd4 21. Rxd4 Rd5 22. Rxa4 Rfd8 23. hxg6 hxg6 24. Ra7 R8d7 25. a4 Kf7 26. b3 Rd2 27. a5 Rxg2 28. a6 Rdd2 29. axb7 Rxc2+ 30. Kb1 Rb2+ 31. Ka1 Rxb3 32. Rb1 Rgg3 33. b8Q Rxb8 34. Rxb8 g5 35. fxg5 f4 36. Rbb7 f3 37. Rxe7+ Kg6 38. Rg7+ Kh5 39. Raf7 Kg4 40. e6 Rg1+ 41. Kb2 Re1 42. e7 Kg3 43. Rg8 f2 44. e8Q 1-0

[Event "SVK-ch U14"]
[Site "Lubovna"]
[Date "2020.08.21"]
[Round "8"]
[White "Volanek, Maros"]
[Black "Sandor, Samuel"]
[Result "0-1"]
[WhiteElo "1316"]
[BlackElo "1988"]
[PlyCount "50"]
[EventDate "2020.08.15"]
[EventType "swiss"]
[EventRounds "9"]
[EventCountry "SVK"]
[SourceTitle "EXT 2021"]
[Source "ChessBase"]
[SourceDate "2020.10.23"]
[SourceVersion "1"]
[SourceVersionDate "2020.10.23"]
[SourceQuality "1"]

1. d4 f5 2. c4 Nf6 3. Nc3 e6 4. Bg5 Be7 5. Nf3 d5 6. e3 c6 7. cxd5 exd5 8. Bd3 0-0 9. 0-0 Ne4 10. Bxe7 Qxe7 11. Nd2 Re8 12. Re1 Qh4 13. Ndxe4 fxe4 14. Bf1 Nd7 15. Ne2 Nf6 16. h3 Rf8 17. Nf4 g5 18. Ne2 Be6 19. Qb3 Rf7 20. Rac1 Raf8 21. Rc2 Rg7 22. Ng3 g4 23. hxg4 Nxg4 24. Bb5 Qh2+ 25. Kf1 Qxg3 0-1

[Event "SVK-ch U14"]
[Site "Lubovna"]
[Date "2020.08.18"]
[Round "5"]
[White "Sandor, Samuel"]
[Black "Kostolansky, Sebastian Lukas"]
[Result "0-1"]
[WhiteElo "1988"]
[BlackElo "2402"]
[PlyCount "88"]
[EventDate "2020.08.15"]
[EventType "swiss"]
[EventRounds "9"]
[EventCountry "SVK"]
[SourceTitle "EXT 2021"]
[Source "ChessBase"]
[SourceDate "2020.10.23"]
[SourceVersion "1"]
[SourceVersionDate "2020.10.23"]
[SourceQuality "1"]

1. e4 d6 2. d4 Nf6 3. Nc3 g6 4. g3 Bg7 5. Bg2 0-0 6. Nge2 c6 7. a4 d5 8. e5 Ne8 9. 0-0 f6 10. f4 Na6 11. h3 fxe5 12. fxe5 Rxf1+ 13. Bxf1 c5 14. Nf4 e6 15. Be3 cxd4 16. Bxd4 Nb4 17. Qd2 Nc6 18. Qe3 Nd6 19. g4 Nf7 20. Nd3 Qg5 21. Qxg5 Nxg5 22. Bc5 Nf3+ 23. Kf2 Nfxe5 24. Re1 Bd7 25. Bd6 b6 26. Nb5 Nc4 27. Bg3 Rf8+ 28. Ke2 a6 29. Nc7 Nd4+ 30. Kd1 Rxf1 31. Rxf1 Ne3+ 32. Ke1 Ndxc2+ 33. Ke2 Nxf1 34. Kxf1 Bxa4 35. Kf2 Kf7 36. Nf4 Bd7 37. Nxa6 Bxb2 38. h4 Bd4+ 39. Kf3 Be5 40. Nd3 Bxg3 41. Kxg3 Bb5 42. Nab4 Nxb4 43. Nxb4 Kf6 44. g5+ Kf5 0-1

[Event "SVK-ch U14"]
[Site "Lubovna"]
[Date "2020.08.16"]
[Round "2"]
[White "Sandor, Samuel"]
[Black "Paluska, Karol"]
[Result "1-0"]
[WhiteElo "1988"]
[BlackElo "1723"]
[PlyCount "71"]
[EventDate "2020.08.15"]
[EventType "swiss"]
[EventRounds "9"]
[EventCountry "SVK"]
[SourceTitle "EXT 2021"]
[Source "ChessBase"]
[SourceDate "2020.10.23"]
[SourceVersion "1"]
[SourceVersionDate "2020.10.23"]
[SourceQuality "1"]

1. e4 c6 2. Nc3 d5 3. Nf3 Nf6 4. e5 Ne4 5. Ne2 Qb6 6. d4 e6 7. Ng3 Nxg3 8. fxg3 c5 9. Bd3 c4 10. Be2 Be7 11. 0-0 Nc6 12. c3 Qd8 13. b3 b5 14. a4 bxa4 15. bxc4 dxc4 16. Qxa4 Bd7 17. Qxc4 0-0 18. Be3 Rb8 19. Rfb1 Qc7 20. Qd3 Rxb1+ 21. Rxb1 Rb8 22. Nd2 a5 23. Ne4 a4 24. Rf1 Qd8 25. Bd1 a3 26. Bc2 g6 27. Ra1 Be8 28. Bc1 Qa5 29. Qe3 Ra8 30. Qh6 Nxd4 31. Nf6+ Bxf6 32. exf6 Ne2+ 33. Kh1 Nxg3+ 34. hxg3 Qh5+ 35. Qxh5 gxh5 36. Rxa3 1-0